<?xml version="1.0" encoding="UTF-8"?><?xml-stylesheet type="text/xsl" href="static/style.xsl"?><OAI-PMH xmlns="http://www.openarchives.org/OAI/2.0/" xmlns:xsi="http://www.w3.org/2001/XMLSchema-instance" xsi:schemaLocation="http://www.openarchives.org/OAI/2.0/ http://www.openarchives.org/OAI/2.0/OAI-PMH.xsd"><responseDate>2026-04-14T04:35:37Z</responseDate><request verb="GetRecord" identifier="oai:www.recercat.cat:20.500.14342/3006" metadataPrefix="marc">https://recercat.cat/oai/request</request><GetRecord><record><header><identifier>oai:recercat.cat:20.500.14342/3006</identifier><datestamp>2026-03-10T00:12:45Z</datestamp><setSpec>com_2072_482405</setSpec><setSpec>com_2072_183628</setSpec><setSpec>col_2072_482415</setSpec></header><metadata><record xmlns="http://www.loc.gov/MARC21/slim" xmlns:dcterms="http://purl.org/dc/terms/" xmlns:xsi="http://www.w3.org/2001/XMLSchema-instance" xmlns:doc="http://www.lyncode.com/xoai" xsi:schemaLocation="http://www.loc.gov/MARC21/slim http://www.loc.gov/standards/marcxml/schema/MARC21slim.xsd">
   <leader>00925njm 22002777a 4500</leader>
   <datafield ind2=" " ind1=" " tag="042">
      <subfield code="a">dc</subfield>
   </datafield>
   <datafield ind2=" " ind1=" " tag="720">
      <subfield code="a">Navarro, Joan</subfield>
      <subfield code="e">author</subfield>
   </datafield>
   <datafield ind2=" " ind1=" " tag="720">
      <subfield code="a">Canaleta, Xavi</subfield>
      <subfield code="e">author</subfield>
   </datafield>
   <datafield ind2=" " ind1=" " tag="720">
      <subfield code="a">Vernet, David</subfield>
      <subfield code="e">author</subfield>
   </datafield>
   <datafield ind2=" " ind1=" " tag="720">
      <subfield code="a">Solé-Beteta, Xavier</subfield>
      <subfield code="e">author</subfield>
   </datafield>
   <datafield ind2=" " ind1=" " tag="720">
      <subfield code="a">Jiménez Ruano, Virginia</subfield>
      <subfield code="e">author</subfield>
   </datafield>
   <datafield ind2=" " ind1=" " tag="720">
      <subfield code="a">Costa, Núria</subfield>
      <subfield code="e">author</subfield>
   </datafield>
   <datafield ind2=" " ind1=" " tag="260">
      <subfield code="c">2014-07</subfield>
   </datafield>
   <datafield ind2=" " ind1=" " tag="520">
      <subfield code="a">En los últimos años han aparecido múltiples propuestas orientadas a hacer el aprendizaje más atractivo para&#xd;
los alumnos; desde el ya clásico Aprendizaje Basado&#xd;
en Problemas, incluyendo el Scenario Centered Curriculum, hasta los innovadores planteamientos pedagógicos basados en la gamificación. Todas estas aportaciones, aparte de mejorar la calidad de la enseñanza,&#xd;
persiguen un denominador común: despertar la motivación en el alumnado para el aprendizaje. Estas medologías han contribuido a mejorar sustancialmente los&#xd;
resultados específicos de las asignaturas en las que se&#xd;
han aplicado. Sin embargo, dado que las capacidades&#xd;
y la disponibilidad de los alumnos y alumnas no son&#xd;
ilimitadas, el hecho de hacer una asignatura más atractiva para el aprendizaje podría conducirles a reducir su&#xd;
grado de implicación en otras materias del mismo curso. De hecho, pocas son las veces en las que se hace un análisis de los efectos que puede tener el hecho&#xd;
de (sobre)estimular la motivación en una determinada&#xd;
asignatura sobre el resto de asignaturas. Así, el propósito de este artículo es invitar a la reflexión acerca de&#xd;
los daños colaterales que pueden aparecen como resultado de sobremotivar a los alumnos en una asignatura&#xd;
determinada. Concretamente, se realiza un análisis en&#xd;
tres asignaturas del Grado en Informática en las cuales&#xd;
se han aplicado estas nuevas estrategias pedagógicas.&#xd;
El resultado de dicho análisis sugiere que estas nuevas metodologías docentes deben aplicarse de manera&#xd;
transversal en todas las asignaturas de un mismo curso&#xd;
con el fin de obtener un nivel de motivación uniforme&#xd;
y una mejora evidente en la asimilación de los contenidos de todo el plan de estudios.</subfield>
   </datafield>
   <datafield ind1="8" ind2=" " tag="024">
      <subfield code="a">http://hdl.handle.net/20.500.14342/3006</subfield>
   </datafield>
   <datafield tag="653" ind2=" " ind1=" ">
      <subfield code="a">Ensenyament universitari -- Innovacions</subfield>
   </datafield>
   <datafield tag="653" ind2=" " ind1=" ">
      <subfield code="a">Aprenentatge basat en problemes</subfield>
   </datafield>
   <datafield ind2="0" ind1="0" tag="245">
      <subfield code="a">Motivación, desmotivación, sobremotivación y daños colaterales</subfield>
   </datafield>
</record></metadata></record></GetRecord></OAI-PMH>